000 01097cad a22002055a 4500
001 L158240
008 141105s2014 xxk f 000 0 eng d
035 _a(Sirsi) u158240
041 0 _aeng
110 2 _aIntergovernmental Panel on Climate Change
_9125
245 0 0 _aClimate Change 2014
_bsynthesis report
_h[electronic resource]
260 _aGeneva
_bIPCC
_c2014
520 _aReport warns that human influence on the climate system is clear and growing and if left unchecked will increase the likelihood of severe and irreversible impacts for people and ecosystems. However, options are available including adapting to climate change by supporting economic diversification but this is not enough and substantial and sustained reductions of greenhouse gas emissions are essential in order to limit the risks of climate change.
590 _aKA
651 4 _aInternational
690 _aEnvironment
_96238
690 _aInfrastructure
_96246
856 4 0 _uwww.ipcc.ch/pdf/assessment-report/ar5/syr/SYR_AR5_LONGERREPORT.pdf
_zView the report free of charge at the IPCC website.
942 _n0
999 _c115220
_d115220